header

Cough (Record no. 38025)

MARC details
000 -LEADER
fixed length control field 01170nam a22003014a 4500
082 04 - DEWEY DECIMAL CLASSIFICATION NUMBER
Classification number 616.2
245 00 - TITLE STATEMENT
Title Cough
260 ## - PUBLICATION, DISTRIBUTION, ETC. (IMPRINT)
Place of publication Malden, Mass. :
Name of publisher Blackwell Pub.,
Year of publication 2003.
300 ## - PHYSICAL DESCRIPTION
Number of Pages xii, 304 p. :
Other physical details ill.
650 #0 - SUBJECT ADDED ENTRY--TOPICAL TERM
Topical Term Cough.
700 1# - ADDED ENTRY--PERSONAL NAME
Personal name Chung, K. Fan,
Personal name Widdicombe, John G.
Personal name Boushey, Homer A.
856 40 - ELECTRONIC LOCATION AND ACCESS
Uniform Resource Identifier http://site.ebrary.com/lib/rucke/Doc?id=10233038

No items available.

© 2026 Rongo University
Contact us: librarian | system librarian | Rongo university